| 000 | 00363nam a22001577a 4500 | ||
|---|---|---|---|
| 003 | OSt | ||
| 008 | 201120b ||||| |||| 00| 0 eng d | ||
| 100 | _aVANHORNE, James | ||
| 245 | _aFinancial Management and Policy | ||
| 250 | _a12th | ||
| 260 |
_aNew Delhi _bPearson _c2019 |
||
| 300 | _a940 | ||
| 650 | _aB.Com | ||
| 700 | _a DHAMIJA, Sanjay | ||
| 942 |
_2ddc _cBK |
||
| 999 |
_c9302 _d9302 |
||